Countries starting with D - Statistics

General Stats
  • This quiz has been taken 25 times
  • The average score is 4 of 5
Answer Stats
Answer % Correct
Denmark
100%
Djibouti
83%
Dominica
83%
Dominican rep.
83%
Democratic Rep. of Congo
57%
No matching quizzes found
Score Distribution
Percent of People with Each Score
Percentile by Number Answered
Your Score History
You have not taken this quiz